000 00577 a2200157 4500
999 _c8305
_d8305
020 _a0916354598 :
020 _a0916354601 (pbk.) :
050 0 0 _aPN2051 BOA 2008
100 1 _aBoal, Augusto.
_eauthor
245 1 0 _aTheater of the oppressed /
_cby Augusto Boal ; translated from the Spanish by Charles A. & Maria-Odilia Leal McBride.
264 _aLondon:
_bPluto books.,
_c2008
300 _axiv, 197 p. ;
500 _aTranslation of Teatro del oprimido y otras poťicas polt̕icas. lncludes index
650 0 _aTheater
_xPolitical aspects.
942 _2lcc
_cBK
_h2051
_iBOA
_kPN